[Event "CAN op"]
[Site "Calgary CAN"]
[Date "2023.07.28"]
[Round "8.45"]
[White "Pottinger, Carl"]
[Black "Wang, Patrick"]
[Result "1/2-1/2"]
[WhiteElo "1822"]
[BlackElo "1622"]
[PlyCount "90"]
[EventDate "2023.07.22"]
[EventType "swiss"]
[EventRounds "10"]
[EventCountry "CAN"]

1. d4 Nf6 2. Nf3 g6 3. Nc3 d5 4. Bf4 c6 5. Qd2 Bg7 6. Bh6 O-O 7. Bxg7 Kxg7 8.
Ne5 Nbd7 9. h4 Qc7 10. f4 h5 11. O-O-O b5 12. e3 Nb6 13. b3 a5 14. Bd3 e6 15.
g4 hxg4 16. Rdg1 a4 17. Nxg4 Nxg4 18. Rxg4 axb3 19. cxb3 b4 20. Ne2 c5 21. dxc5
Qxc5+ 22. Kb1 Kf6 23. h5 gxh5 24. Rxh5 Ba6 25. Bxa6 Rxa6 26. Qd4+ Qxd4 27. Nxd4
Rc8 28. Rh6+ Ke7 29. Rg7 Ra7 30. Rhh7 Kf6 31. Rg2 Rac7 32. Rh6+ Ke7 33. Rc2 Nd7
34. Rhh2 Nf6 35. Rxc7+ Rxc7 36. Rc2 Rxc2 37. Nxc2 Ng4 38. Kc1 Kd6 39. Kd2 Kc5
40. Nd4 Nf2 41. Ne2 Ne4+ 42. Kd3 Nf2+ 43. Kd2 Ne4+ 44. Kc2 f6 45. Nc1 Nf2
1/2-1/2

[Event "CAN op"]
[Site "Calgary CAN"]
[Date "2023.07.28"]
[Round "8.46"]
[White "Ntete, Cally"]
[Black "Jackson, Mateo"]
[Result "1/2-1/2"]
[WhiteElo "1650"]
[BlackElo "1914"]
[PlyCount "64"]
[EventDate "2023.07.22"]
[EventType "swiss"]
[EventRounds "10"]
[EventCountry "CAN"]

1. d4 Nf6 2. c4 c5 3. g3 cxd4 4. Qxd4 Nc6 5. Qd1 g6 6. Bg2 Bg7 7. Nc3 O-O 8. e4
d6 9. Nd5 Nd7 10. Nf3 Nde5 11. Nxe5 Nxe5 12. Qc2 Bg4 13. Qb3 Qd7 14. f3 Be6 15.
Bf4 Rac8 16. Bxe5 Bxe5 17. O-O Rc5 18. Rfd1 Bxd5 19. Rxd5 Qc7 20. Bf1 Rxd5 21.
exd5 Qc5+ 22. Kg2 b6 23. Rc1 Rc8 24. Rc2 b5 25. Bd3 b4 26. a3 a5 27. axb4 Qxb4
28. Qxb4 axb4 29. b3 Ra8 30. Re2 Ra3 31. Bc2 Kf8 32. f4 Bf6 1/2-1/2

[Event "CAN op"]
[Site "Calgary CAN"]
[Date "2023.07.28"]
[Round "8.47"]
[White "Russell, Wesley"]
[Black "Aird, Ian"]
[Result "1/2-1/2"]
[WhiteElo "1723"]
[BlackElo "1881"]
[PlyCount "40"]
[EventDate "2023.07.22"]
[EventType "swiss"]
[EventRounds "10"]
[EventCountry "CAN"]

1. e4 e6 2. d4 d5 3. Nc3 Nf6 4. Bg5 dxe4 5. Nxe4 Nbd7 6. c3 Be7 7. Nxf6+ Bxf6
8. Bxf6 Qxf6 9. Bd3 O-O 10. Qf3 c5 11. Qxf6 gxf6 12. Nf3 cxd4 13. Nxd4 Ne5 14.
Bc2 Bd7 15. h3 Rfd8 16. O-O-O Rac8 17. Rhe1 Nc6 18. Nxc6 Bxc6 19. f3 f5 20.
Rxd8+ Rxd8 1/2-1/2

[Event "CAN op"]
[Site "Calgary CAN"]
[Date "2023.07.28"]
[Round "8.48"]
[White "Sembrano, Joshua"]
[Black "Koo, Minjun"]
[Result "1-0"]
[WhiteElo "1825"]
[BlackElo "1661"]
[PlyCount "145"]
[EventDate "2023.07.22"]
[EventType "swiss"]
[EventRounds "10"]
[EventCountry "CAN"]

1. d4 d5 2. Nc3 Nf6 3. Bf4 c5 4. e3 cxd4 5. exd4 Bg4 6. f3 Bd7 7. Nb5 Bxb5 8.
Bxb5+ Nc6 9. c3 Qa5 10. Qa4 Qxa4 11. Bxa4 e6 12. Ne2 Nh5 13. Bg5 Be7 14. Be3
O-O 15. h4 Bd6 16. g4 Ng3 17. Nxg3 Bxg3+ 18. Bf2 Bxf2+ 19. Kxf2 Rac8 20. Bxc6
Rxc6 21. Ke3 f6 22. f4 Re8 23. g5 f5 24. h5 Kf8 25. Rhc1 Rec8 26. a4 a5 27. Kd3
Rb6 28. Rc2 Rb3 29. Re1 Rc6 30. Kd2 Rcb6 31. Kc1 Rc6 32. Rce2 Ke7 33. Re5 Kd7
34. R1e2 Rbb6 35. Kc2 Rb4 36. Rxe6 Rxb2+ 37. Kxb2 Rxe6 38. Re5 Kd6 39. Rxf5 Re7
40. Kc2 Rd7 41. Kd3 Rc7 42. g6 hxg6 43. hxg6 Ke6 44. Rf8 b6 45. f5+ Kd6 46. f6
gxf6 47. Rxf6+ Ke7 48. Rxb6 Rc4 49. Rb5 Rxa4 50. Rxd5 Kf6 51. Rd6+ Kg7 52. Ra6
Ra1 53. Kc4 Rc1 54. Rxa5 Kxg6 55. Re5 Kf6 56. Re3 Ra1 57. Kb4 Rb1+ 58. Kc5 Rd1
59. c4 Ra1 60. Kb5 Rd1 61. d5 Rd4 62. Kc5 Rd1 63. Kc6 Rd4 64. c5 Ra4 65. Kb6
Rb4+ 66. Kc7 Ra4 67. c6 Ra7+ 68. Kd8 Rg7 69. c7 Rg8+ 70. Re8 Rg5 71. d6 Kf7 72.
c8=Q Rg6 73. Qf5+ 1-0

[Event "CAN op"]
[Site "Calgary CAN"]
[Date "2023.07.28"]
[Round "8.49"]
[White "Sazon, Omar"]
[Black "Xu, Leon"]
[Result "1/2-1/2"]
[WhiteElo "1642"]
[BlackElo "1811"]
[PlyCount "60"]
[EventDate "2023.07.22"]
[EventType "swiss"]
[EventRounds "10"]
[EventCountry "CAN"]

1. b3 e5 2. Bb2 Nc6 3. e3 Be7 4. Nf3 Bf6 5. Bb5 e4 6. Nd4 Nxd4 7. Bxd4 Bxd4 8.
exd4 Qg5 9. Bf1 d5 10. d3 Nf6 11. Qd2 Qg6 12. Qb4 Bf5 13. Nc3 exd3 14. O-O-O
O-O-O 15. Nb5 Ne8 16. Nxa7+ Kb8 17. Qa5 dxc2 18. Re1 Nd6 19. Bb5 Nc8 20. Nxc8
Rxc8 21. Re7 Qg5+ 22. Re3 Qxg2 23. Rhe1 Qxf2 24. b4 Qf4 25. Qa3 c6 26. Bd3 Rhe8
27. Bxf5 Rxe3 28. Qxe3 Qxf5 29. Qg3+ Ka8 30. Qa3+ Kb8 1/2-1/2

[Event "CAN op"]
[Site "Calgary CAN"]
[Date "2023.07.28"]
[Round "8.50"]
[White "Usselman, Paul"]
[Black "Todd, Adie"]
[Result "1-0"]
[WhiteElo "1781"]
[BlackElo "1618"]
[PlyCount "61"]
[EventDate "2023.07.22"]
[EventType "swiss"]
[EventRounds "10"]
[EventCountry "CAN"]

1. Nf3 d5 2. g3 Nf6 3. Bg2 g6 4. c4 d4 5. b4 Bg7 6. Bb2 d3 7. O-O dxe2 8. Qxe2
O-O 9. d4 c6 10. Rd1 Bg4 11. h3 Bf5 12. Nc3 a5 13. b5 a4 14. a3 Qc7 15. Rac1
Re8 16. Nh4 Bd7 17. Nf3 cxb5 18. cxb5 Qb6 19. Ne5 Bf5 20. g4 Bd7 21. Qc4 Be6
22. d5 Rc8 23. dxe6 Rxc4 24. exf7+ Kf8 25. Nxc4 Qc7 26. g5 Nfd7 27. Nd5 Qd8 28.
Bxg7+ Kxg7 29. Ncb6 Ra5 30. Nxd7 Rxb5 31. f8=Q+ 1-0

[Event "CAN op"]
[Site "Calgary CAN"]
[Date "2023.07.28"]
[Round "8.51"]
[White "Gebhardt, David"]
[Black "Skop, Mike"]
[Result "1-0"]
[WhiteElo "1771"]
[BlackElo "1655"]
[PlyCount "67"]
[EventDate "2023.07.22"]
[EventType "swiss"]
[EventRounds "10"]
[EventCountry "CAN"]

1. e4 c6 2. d4 Na6 3. Nf3 Nc7 4. Bc4 d5 5. exd5 cxd5 6. Bb3 g6 7. O-O Nh6 8.
Nc3 Bg7 9. Bf4 e6 10. Re1 O-O 11. Qd3 f6 12. Nb5 Nxb5 13. Qxb5 a6 14. Qb4 a5
15. Qd2 Nf7 16. a4 Re8 17. Re2 Bd7 18. Rae1 Qb6 19. h3 Rad8 20. Qd3 e5 21. dxe5
fxe5 22. Nxe5 Bf5 23. Qd2 Qc5 24. Nxf7 Rxe2 25. Rxe2 Kxf7 26. Bg5 Bf6 27. Bxf6
Kxf6 28. Qh6 Rd7 29. h4 Qd4 30. Qf8+ Rf7 31. Qh8+ Rg7 32. Qd8+ Kf7 33. Re7+ Kf6
34. Re4+ 1-0

[Event "CAN op"]
[Site "Calgary CAN"]
[Date "2023.07.28"]
[Round "8.52"]
[White "Lu, Aiden"]
[Black "Ashley, Mathew"]
[Result "1-0"]
[WhiteElo "1561"]
[BlackElo "1709"]
[PlyCount "89"]
[EventDate "2023.07.22"]
[EventType "swiss"]
[EventRounds "10"]
[EventCountry "CAN"]

1. e4 c6 2. d4 d5 3. e5 Bf5 4. Nf3 e6 5. Bd3 Ne7 6. c3 Nd7 7. Qc2 c5 8. Be3
Bxd3 9. Qxd3 Qb6 10. b3 Nc6 11. O-O cxd4 12. cxd4 Be7 13. Nc3 a6 14. Rfd1 Rc8
15. Qd2 Ba3 16. Nb1 Bb4 17. Qd3 h6 18. a3 Qa5 19. Bd2 Bxd2 20. Qxd2 Qb6 21. b4
a5 22. bxa5 Nxa5 23. Qb4 Rc4 24. Qxb6 Nxb6 25. Nbd2 Ra4 26. Rdb1 Nbc4 27. Nxc4
dxc4 28. Rb4 Rxb4 29. axb4 Nb3 30. Ra8+ Kd7 31. Rxh8 c3 32. Ne1 Nxd4 33. Rb8 b5
34. Rb7+ Kc6 35. Rxf7 c2 36. Nxc2 Nxc2 37. Rxg7 Nxb4 38. Kf1 Nd3 39. Rg6 Kd5
40. Rxh6 b4 41. Ke2 Kd4 42. Rh4+ Kc3 43. Rh3 b3 44. Rxd3+ Kc2 45. Rxb3 1-0

[Event "CAN op"]
[Site "Calgary CAN"]
[Date "2023.07.28"]
[Round "8.53"]
[White "Quiring, John"]
[Black "Aluko, Olanrewaju"]
[Result "0-1"]
[WhiteElo "1799"]
[BlackElo "1640"]
[PlyCount "42"]
[EventDate "2023.07.22"]
[EventType "swiss"]
[EventRounds "10"]
[EventCountry "CAN"]

1. d4 d5 2. c4 e6 3. Nf3 c6 4. g3 Bd6 5. Bg2 f5 6. O-O Nf6 7. Nc3 O-O 8. Qc2
Ne4 9. Nd2 Qf6 10. e3 Qh6 11. Ndxe4 fxe4 12. f3 exf3 13. Bxf3 Qh3 14. e4 e5 15.
exd5 Bf5 16. Be4 Qxf1+ 17. Kxf1 Bxe4+ 18. Ke2 Bxc2 19. c5 exd4 20. cxd6 dxc3
21. bxc3 cxd5 0-1

[Event "CAN op"]
[Site "Calgary CAN"]
[Date "2023.07.28"]
[Round "8.54"]
[White "Zou, Alex"]
[Black "Todd, Nick"]
[Result "1-0"]
[WhiteElo "1742"]
[BlackElo "1525"]
[PlyCount "96"]
[EventDate "2023.07.22"]
[EventType "swiss"]
[EventRounds "10"]
[EventCountry "CAN"]

1. c4 c5 2. Nc3 Nf6 3. g3 Nc6 4. Bg2 e6 5. e4 Be7 6. Nge2 O-O 7. O-O d6 8. d3
a6 9. Bd2 Nd7 10. a3 Nde5 11. f4 Ng6 12. Rb1 Bf6 13. b4 Nd4 14. Nxd4 Bxd4+ 15.
Kh1 Rb8 16. Ne2 Bf6 17. Be3 cxb4 18. Rxb4 Ne7 19. Qb3 Nc6 20. e5 Nxb4 21. exf6
Qxf6 22. Qxb4 Bd7 23. Rb1 Qe7 24. Ba7 Rbc8 25. Qxb7 d5 26. Nd4 Qd6 27. c5 Qc7
28. Qxa6 Ra8 29. Rb7 Bc8 30. Rxc7 Bxa6 31. Bf1 Rfc8 32. Bb6 Kf8 33. a4 Re8 34.
Nc6 Bxd3 35. Bxd3 Rxa4 36. Bb5 Ra1+ 37. Kg2 f6 38. Nd4 Rea8 39. Nxe6+ Kg8 40.
Rxg7+ Kh8 41. Rd7 R8a2+ 42. Kh3 Kg8 43. Rg7+ Kh8 44. Rd7 Kg8 45. c6 Rh1 46. c7
Raxh2+ 47. Kg4 h5+ 48. Kf3 Rf1+ 1-0

[Event "CAN op"]
[Site "Calgary CAN"]
[Date "2023.07.28"]
[Round "8.55"]
[White "Miller, Brian"]
[Black "Wong, Ford"]
[Result "1-0"]
[WhiteElo "1677"]
[BlackElo "1721"]
[PlyCount "97"]
[EventDate "2023.07.22"]
[EventType "swiss"]
[EventRounds "10"]
[EventCountry "CAN"]

1. d4 Nf6 2. Nf3 g6 3. g3 Bg7 4. Bg2 O-O 5. O-O d5 6. c4 c6 7. Nc3 Be6 8. Qb3
Qb6 9. c5 Qxb3 10. axb3 Na6 11. Ra4 Bf5 12. Bf4 Bc2 13. Ra3 Nb4 14. Rfa1 Na6
15. b4 Rfc8 16. b5 cxb5 17. Nxb5 Nd7 18. Nc3 e6 19. b4 Be4 20. e3 Nxb4 21. Rxa7
Rxa7 22. Rxa7 Bxf3 23. Bxf3 Nxc5 24. Nxd5 Nxd5 25. Bxd5 Nd3 26. Bxb7 Rc1+ 27.
Kg2 Nxf4+ 28. gxf4 Bf8 29. Bf3 Bb4 30. d5 Rc2 31. dxe6 fxe6 32. Bg4 Rc6 33. h4
h5 34. Bf3 Rc4 35. Ra4 Kf7 36. Be2 Rc2 37. Bd3 Rb2 38. Bc4 Bc5 39. Kf3 Kf6 40.
Ra6 Rb6 41. Ra5 Bd6 42. Rg5 Rb7 43. Bxe6 Kxe6 44. Rxg6+ Kd7 45. Rg5 Rb1 46.
Rxh5 Ke8 47. Rf5 Rg1 48. h5 Bb4 49. e4 1-0

[Event "CAN op"]
[Site "Calgary CAN"]
[Date "2023.07.28"]
[Round "8.56"]
[White "Yu, Ryan"]
[Black "Alpuri, Aaqil"]
[Result "1/2-1/2"]
[WhiteElo "1540"]
[BlackElo "1704"]
[PlyCount "40"]
[EventDate "2023.07.22"]
[EventType "swiss"]
[EventRounds "10"]
[EventCountry "CAN"]

1. e4 c5 2. c3 Nf6 3. e5 Nd5 4. d4 cxd4 5. Nf3 Nc6 6. cxd4 d6 7. Bc4 Nb6 8. Bb5
e6 9. O-O Be7 10. Bf4 O-O 11. Bg3 Qc7 12. Nc3 Rd8 13. Rc1 a6 14. Bd3 Qb8 15.
exd6 Bxd6 16. Bxh7+ Kxh7 17. Ng5+ Kg6 18. Qg4 f5 19. Qh4 Ne7 20. Qh7+ Kf6
1/2-1/2

[Event "CAN op"]
[Site "Calgary CAN"]
[Date "2023.07.28"]
[Round "8.57"]
[White "Gibson, Leroy"]
[Black "Gokhale, Tanishka"]
[Result "0-1"]
[WhiteElo "1686"]
[BlackElo "1543"]
[PlyCount "178"]
[EventDate "2023.07.22"]
[EventType "swiss"]
[EventRounds "10"]
[EventCountry "CAN"]

1. f4 d5 2. Nf3 Nf6 3. e3 e6 4. Be2 c5 5. b3 Nc6 6. O-O Be7 7. Bb2 O-O 8. d3
Nd7 9. Nbd2 Bf6 10. Bxf6 Nxf6 11. Qe1 Qc7 12. Qg3 Re8 13. Ne5 Ne7 14. e4 dxe4
15. Nxe4 Nxe4 16. dxe4 Nc6 17. Nxc6 Qxc6 18. e5 Qc7 19. Bd3 Rf8 20. Qh4 h6 21.
Rf3 Qd8 22. Qh3 Qd4+ 23. Kh1 Qxa1+ 24. Rf1 Qd4 25. Qg3 Bd7 26. Rd1 Qb4 27. Re1
Bc6 28. h4 Rad8 29. Re3 Qb6 30. Qg4 Qc7 31. Rg3 f5 32. exf6 Rxf6 33. f5 Rd4 34.
Qh3 exf5 35. Qh2 Rg4 36. Bc4+ Kh8 37. Rxg4 Qxh2+ 38. Kxh2 fxg4 39. Kg3 Rd6 40.
Bd3 Rd4 41. Kf2 Be4 42. Bc4 Bxc2 43. g3 a6 44. a4 b5 45. axb5 axb5 46. Bxb5
Bxb3 47. Ke3 Rd8 48. Bd3 c4 49. Bb1 c3 50. Kf4 c2 51. Bxc2 Bxc2 52. Kxg4 Bd1+
53. Kf4 g5+ 54. hxg5 hxg5+ 55. Kxg5 Rg8+ 56. Kh4 Kh7 57. Kh3 Be2 58. Kh4 Kh6
59. Kh3 Kh5 60. Kg2 Kg4 61. Kf2 Rf8+ 62. Kxe2 Kxg3 63. Ke3 Re8+ 64. Kd4 Kf3 65.
Kd5 Kf4 66. Kd6 Re1 67. Kd5 Re2 68. Kd6 Kf5 69. Kd7 Kf6 70. Kd8 Kf7 71. Kd7
Rd2+ 72. Kc6 Ke6 73. Kc5 Rd8 74. Kc4 Ke5 75. Kc3 Ke4 76. Kc2 Ke3 77. Kc1 Ke2
78. Kc2 Rc8+ 79. Kb3 Kd3 80. Kb4 Rc1 81. Kb5 Kd4 82. Kb6 Kd5 83. Kb7 Kd6 84.
Kb6 Rb1+ 85. Ka5 Kc5 86. Ka4 Rb8 87. Ka3 Kc4 88. Ka2 Kc3 89. Ka1 Kc2 0-1

[Event "CAN op"]
[Site "Calgary CAN"]
[Date "2023.07.28"]
[Round "8.58"]
[White "Raman, Shanker"]
[Black "Santelices, Philip"]
[Result "0-1"]
[WhiteElo "1601"]
[BlackElo "1622"]
[PlyCount "102"]
[EventDate "2023.07.22"]
[EventType "swiss"]
[EventRounds "10"]
[EventCountry "CAN"]

1. d4 e6 2. c4 Nf6 3. Nf3 c5 4. Nc3 cxd4 5. Nxd4 Bc5 6. e4 d6 7. g3 a6 8. Bg2
e5 9. Nf5 O-O 10. O-O Be6 11. Qe2 Nc6 12. Bg5 h6 13. Bh4 Nd4 14. Nxd4 Bxd4 15.
Bxf6 Qxf6 16. Nd5 Qd8 17. Rac1 f5 18. exf5 Bxf5 19. Qd2 Qd7 20. Qb4 Bc5 21. Qb3
Rae8 22. Rcd1 Bg4 23. Rd2 Rf7 24. Ne3 Be6 25. Nd5 Ref8 26. Qc3 Bh3 27. Ne3 Bxg2
28. Kxg2 Rf3 29. Rdd1 Qc6 30. Kg1 b5 31. b3 bxc4 32. bxc4 Qa4 33. Qd2 Bd4 34.
Rb1 Bc5 35. Qd5+ Kh8 36. Qd2 Qa3 37. Rb3 Qa4 38. Rbb1 Qc6 39. Qe2 Qe4 40. Qd2
Rxe3 41. fxe3 Bxe3+ 42. Qxe3 Qxe3+ 43. Kg2 Qe2+ 44. Kg1 Rxf1+ 45. Rxf1 Qxc4 46.
Rf2 d5 47. Kg2 d4 48. Rf5 e4 49. Rf4 d3 50. Kf2 Qd4+ 51. Ke1 Qe3+ 0-1

[Event "CAN op"]
[Site "Calgary CAN"]
[Date "2023.07.28"]
[Round "8.59"]
[White "Rohatynski, Jordan"]
[Black "Tcherni, Avram"]
[Result "0-1"]
[WhiteElo "1671"]
[BlackElo "1701"]
[PlyCount "54"]
[EventDate "2023.07.22"]
[EventType "swiss"]
[EventRounds "10"]
[EventCountry "CAN"]

1. e4 e6 2. d4 d5 3. e5 c5 4. c3 Nc6 5. Nf3 Bd7 6. a3 Rc8 7. b4 cxd4 8. cxd4
Qb6 9. Bb2 Nh6 10. Nbd2 Be7 11. Nb3 O-O 12. Bd3 a5 13. Nc5 Be8 14. Na4 Qd8 15.
b5 Na7 16. Qb3 f6 17. O-O Bh5 18. Rac1 Rxc1 19. Rxc1 Bxf3 20. gxf3 fxe5 21.
dxe5 Bh4 22. Nc5 Qg5+ 23. Kf1 Rc8 24. Ke2 Qg2 25. Ne4 Rxc1 26. Bxc1 Nf5 27. Ng3
Nd4+ 0-1

[Event "CAN op"]
[Site "Calgary CAN"]
[Date "2023.07.28"]
[Round "8.60"]
[White "Sklenka, Steve"]
[Black "Wilson, Kim"]
[Result "1-0"]
[WhiteElo "1550"]
[BlackElo "1701"]
[PlyCount "93"]
[EventDate "2023.07.22"]
[EventType "swiss"]
[EventRounds "10"]
[EventCountry "CAN"]

1. c4 Nf6 2. Nc3 g6 3. d4 d5 4. cxd5 Nxd5 5. e4 Nxc3 6. bxc3 c5 7. Nf3 Bg7 8.
h3 O-O 9. Bc4 e6 10. O-O Nc6 11. Bb2 Na5 12. Be2 c4 13. Ba3 Re8 14. Rb1 a6 15.
Re1 b5 16. Bc1 Bb7 17. Qc2 Qc7 18. e5 Nc6 19. Bf4 Ne7 20. Bd2 Nd5 21. Nh2 Bc6
22. f4 Bd7 23. Rf1 Reb8 24. Bf3 Ra7 25. Ng4 Bc6 26. Ne3 Qd7 27. Nxd5 Bxd5 28.
Bxd5 Qxd5 29. Rfe1 Rab7 30. g3 Bf8 31. Ra1 Qd8 32. Qe4 a5 33. Reb1 a4 34. a3
Qd5 35. Qxd5 exd5 36. Kf2 Bg7 37. Kf3 Kf8 38. g4 Ke7 39. f5 Kd7 40. Bf4 Ra8 41.
Re1 Rb6 42. Rab1 h5 43. e6+ fxe6 44. fxe6+ Rxe6 45. Rxe6 hxg4+ 46. Kxg4 Kxe6
47. Rxb5 1-0

[Event "CAN op"]
[Site "Calgary CAN"]
[Date "2023.07.25"]
[Round "9.1"]
[White "Mikhalevski, Victor"]
[Black "Shirov, Alexei"]
[Result "1/2-1/2"]
[WhiteElo "2599"]
[BlackElo "2726"]
[PlyCount "98"]
[EventDate "2023.07.22"]
[EventType "swiss"]
[EventRounds "10"]
[EventCountry "CAN"]

1. Nf3 d5 2. g3 Nf6 3. Bg2 c6 4. O-O Bg4 5. h3 Bh5 6. d4 Nbd7 7. c4 e6 8. cxd5
exd5 9. Ne5 Ne4 10. Bxe4 dxe4 11. Nc3 Be7 12. Bf4 Nxe5 13. dxe5 Bg6 14. Qb3 Qb6
15. Rfd1 Qxb3 16. axb3 Bf5 17. g4 Be6 18. Nxe4 h5 19. f3 hxg4 20. hxg4 Bxb3 21.
Nd6+ Bxd6 22. Rxd6 a5 23. Bg5 a4 24. Kf2 O-O 25. e4 Ra5 26. f4 Rb5 27. Rc1 Be6
28. Rd2 Bxg4 29. Rg1 Bh5 30. f5 Rb3 31. Bh6 Rf3+ 32. Ke1 Kh7 33. Bxg7 Re3+ 34.
Kf2 Rf3+ 35. Ke1 Re3+ 36. Kf1 Rf3+ 37. Rf2 Rg8 38. e6 Rxf2+ 39. Kxf2 Rxg7 40.
Rh1 fxe6 41. Rxh5+ Kg8 42. f6 Rg6 43. e5 b5 44. Kf3 Rg1 45. Rh2 b4 46. Rd2 Re1
47. Kf4 Rf1+ 48. Kg5 Rg1+ 49. Kf4 Rf1+ 1/2-1/2

[Event "CAN op"]
[Site "Calgary CAN"]
[Date "2023.07.29"]
[Round "9.2"]
[White "Nyzhnyk, Iliya"]
[Black "Gupta, Abhijeet"]
[Result "1-0"]
[WhiteElo "2642"]
[BlackElo "2629"]
[PlyCount "99"]
[EventDate "2023.07.22"]
[EventType "swiss"]
[EventRounds "10"]
[EventCountry "CAN"]

1. d4 d5 2. c4 c6 3. Nf3 Nf6 4. e3 e6 5. Bd3 dxc4 6. Bxc4 Nbd7 7. O-O Bd6 8. b3
e5 9. Bb2 Qc7 10. h3 O-O 11. Nbd2 b5 12. Bd3 Bb7 13. Qc2 a6 14. Ne4 Nxe4 15.
Bxe4 h6 16. Rac1 Rac8 17. Rfd1 exd4 18. Nxd4 Be5 19. Nxc6 Bxc6 20. Qxc6 Qxc6
21. Rxc6 Rxc6 22. Bxc6 Nb8 23. Bxe5 Nxc6 24. Bc3 Rc8 25. Kf1 f6 26. Ke2 Rc7 27.
e4 Kf7 28. f4 Nb8 29. Rd3 Nc6 30. Ke3 Ke8 31. g4 Rd7 32. Rxd7 Kxd7 33. f5 Ke7
34. h4 Kf7 35. Kf4 g6 36. Kf3 Ne7 37. h5 gxh5 38. gxh5 Nc6 39. Kf4 Ne7 40. Bb4
Nc6 41. Bd6 Nd4 42. e5 fxe5+ 43. Bxe5 Ne2+ 44. Ke4 Nc1 45. Bf4 Nxa2 46. Bxh6
Nc3+ 47. Ke5 Nd1 48. Bd2 Nf2 49. b4 Ng4+ 50. Kd4 1-0

[Event "CAN op"]
[Site "Calgary CAN"]
[Date "2023.07.29"]
[Round "9.4"]
[White "Campbell, Ryan"]
[Black "Kapra, Jerjis"]
[Result "1/2-1/2"]
[WhiteElo "2228"]
[BlackElo "2198"]
[PlyCount "89"]
[EventDate "2023.07.22"]
[EventType "swiss"]
[EventRounds "10"]
[EventCountry "CAN"]

1. e4 e5 2. Nf3 Nc6 3. Bb5 Nge7 4. Nc3 Ng6 5. d4 exd4 6. Nxd4 Nxd4 7. Qxd4 c6
8. Be2 Qb6 9. Qd3 Be7 10. O-O O-O 11. a4 d6 12. a5 Qc7 13. f4 Kh8 14. Bh5 f5
15. Bxg6 hxg6 16. Qg3 fxe4 17. Nxe4 Bf5 18. Ng5 Kg8 19. Re1 Bxg5 20. fxg5 Rfe8
21. Bf4 Bxc2 22. Bxd6 Qd7 23. Be5 Re6 24. Rac1 Rae8 25. Bc3 Rxe1+ 26. Rxe1
Rxe1+ 27. Qxe1 Qd1 28. Qxd1 Bxd1 29. Bd4 b6 30. axb6 axb6 31. Bxb6 Kf7 32. Bd4
Bb3 33. Kf2 Bd5 34. g3 Be6 35. Ke3 Bd5 36. Kf4 Bg2 37. Ke5 Bf3 38. b4 Bg2 39.
Kf4 Bd5 40. h4 Bg2 41. g4 Bh1 42. h5 Bg2 43. h6 gxh6 44. gxh6 Kg8 45. g5
1/2-1/2

[Event "CAN op"]
[Site "Calgary CAN"]
[Date "2023.07.29"]
[Round "9.5"]
[White "Henry, Liam"]
[Black "Banerjee, Bitan"]
[Result "0-1"]
[WhiteElo "2172"]
[BlackElo "2495"]
[PlyCount "102"]
[EventDate "2023.07.22"]
[EventType "swiss"]
[EventRounds "10"]
[EventCountry "CAN"]

1. Nf3 Nf6 2. g3 e6 3. Bg2 d5 4. O-O Be7 5. d3 O-O 6. Nbd2 a5 7. e4 a4 8. e5
Nfd7 9. a3 Nc6 10. d4 f6 11. exf6 Bxf6 12. c3 e5 13. dxe5 Ndxe5 14. Nxe5 Nxe5
15. Nf3 Nc4 16. Ng5 c6 17. Qh5 Bf5 18. Bh3 Bg6 19. Qg4 Ne5 20. Qe6+ Kh8 21. f4
Re8 22. fxe5 Rxe6 23. Nxe6 Qb6+ 24. Rf2 Bxe5 25. Bg5 Bf6 26. Bxf6 gxf6 27. Raf1
Bd3 28. Rd1 Qe3 29. Nf4 Bg6 30. Kf1 Re8 31. Bg4 Qb6 32. Rdd2 Qb5+ 33. Be2 Qc5
34. Bg4 Re5 35. Nxg6+ hxg6 36. Rxf6 Qc4+ 37. Be2 Qe4 38. Rf3 Kg7 39. Kg1 Rf5
40. Kf2 Qb1 41. Rxf5 Qxf5+ 42. Kg2 Qg5 43. Rc2 Kf6 44. Bf3 Ke7 45. h4 Qf5 46.
Re2+ Kd6 47. Rd2 b5 48. Be2 g5 49. Bd3 Qg4 50. Be2 Qe6 51. hxg5 Qe3 0-1

[Event "CAN op"]
[Site "Calgary CAN"]
[Date "2023.07.29"]
[Round "9.6"]
[White "Bareev, Evgeny"]
[Black "Tolentino, Patrick Angelo"]
[Result "1-0"]
[WhiteElo "2721"]
[BlackElo "2201"]
[PlyCount "63"]
[EventDate "2023.07.22"]
[EventType "swiss"]
[EventRounds "10"]
[EventCountry "CAN"]

1. d4 Nf6 2. c4 e6 3. Nf3 d5 4. Nc3 Bb4 5. Qa4+ Nc6 6. a3 Bxc3+ 7. bxc3 Bd7 8.
cxd5 exd5 9. Qc2 O-O 10. Bg5 h6 11. Bh4 Na5 12. e3 c5 13. Ne5 g5 14. Bg3 Ne4
15. f3 Nxg3 16. hxg3 Kg7 17. Kf2 Be6 18. f4 Rc8 19. Bd3 Qf6 20. Raf1 cxd4 21.
exd4 Nc6 22. Qd2 gxf4 23. gxf4 Bf5 24. Bxf5 Qxf5 25. g4 Qe6 26. f5 Qd6 27. Kg2
Rg8 28. Nd7 Kh7 29. g5 Rxg5+ 30. Qxg5 Rg8 31. Rxh6+ Qxh6 32. Nf6+ 1-0

[Event "CAN op"]
[Site "Calgary CAN"]
[Date "2023.07.29"]
[Round "9.9"]
[White "Dorrance, Adam"]
[Black "Gao, Raymond"]
[Result "1-0"]
[WhiteElo "2401"]
[BlackElo "2222"]
[PlyCount "137"]
[EventDate "2023.07.22"]
[EventType "swiss"]
[EventRounds "10"]
[EventCountry "CAN"]

1. Nf3 Nf6 2. g3 b5 3. Na3 a6 4. c4 b4 5. Nc2 e6 6. Bg2 Bb7 7. d4 Be7 8. O-O
O-O 9. a3 a5 10. b3 Na6 11. Bb2 Qb8 12. Ne3 Ne4 13. Ne5 Qc8 14. d5 Nf6 15. Nd3
Ne8 16. Qc2 Bf6 17. Bxf6 Nxf6 18. axb4 Nxb4 19. Nxb4 axb4 20. Qd2 Rb8 21. Ra4
c5 22. dxc6 Bxc6 23. Rxb4 Bxg2 24. Kxg2 Ne4 25. Rxb8 Nxd2 26. Rxc8 Rxc8 27. Rd1
Nxb3 28. Rxd7 Kf8 29. Ra7 Nd2 30. Ra4 Ke7 31. f3 Rc7 32. Kf2 Kd6 33. Ke1 Nb3
34. Rb4 Na5 35. Kd2 Nc6 36. Rb5 Nd4 37. Rb2 Kc5 38. Nc2 Rd7 39. Nxd4 Rxd4+ 40.
Ke3 Rd7 41. Rc2 Rd4 42. Ra2 Rd7 43. Ra4 Rb7 44. h4 h6 45. h5 Rc7 46. Kd3 Kb6
47. Kd4 f6 48. Ra8 Rd7+ 49. Kc3 Kc6 50. Ra6+ Kc5 51. Rxe6 Ra7 52. Re4 Rd7 53.
g4 Ra7 54. Kd2 Kd6 55. Ke3 Ra5 56. Kf4 Rc5 57. Ke3 Kd7 58. Kd4 Ra5 59. Re3 Ra2
60. Kc5 Rb2 61. Rd3+ Kc7 62. Ra3 Rb7 63. Ra8 Kd7 64. Kd5 Ke7 65. c5 Rb2 66.
Ra7+ Kf8 67. e4 Rd2+ 68. Ke6 Kg8 69. c6 1-0

[Event "CAN op"]
[Site "Calgary CAN"]
[Date "2023.07.29"]
[Round "9.12"]
[White "Perelman, Leon"]
[Black "Yam, Alex"]
[Result "0-1"]
[WhiteElo "2129"]
[BlackElo "2362"]
[PlyCount "72"]
[EventDate "2023.07.22"]
[EventType "swiss"]
[EventRounds "10"]
[EventCountry "CAN"]

1. c4 e6 2. Nc3 d5 3. cxd5 exd5 4. d4 c6 5. Qc2 Bd6 6. e3 Nf6 7. Bd3 O-O 8.
Nge2 Re8 9. O-O Nbd7 10. Ng3 Nf8 11. Nf5 Bc7 12. b4 Ne6 13. f4 a5 14. bxa5 Bxa5
15. Ba3 Nc7 16. Nd6 Rxe3 17. Rae1 Rxe1 18. Rxe1 Ne6 19. Nf5 c5 20. Re5 g6 21.
Ng3 Nxd4 22. Qc1 Nc6 23. Re2 c4 24. Bb1 Bg4 25. Rb2 Bb6+ 26. Rxb6 Qxb6+ 27. Kh1
Rxa3 28. Qxa3 d4 29. Qa8+ Kg7 30. h4 dxc3 31. Bc2 Qf2 32. h5 gxh5 33. Qxb7 h4
34. Nf5+ Bxf5 35. Bxf5 Nd4 36. Bg4 Nxg4 0-1

[Event "CAN op"]
[Site "Calgary CAN"]
[Date "2023.07.29"]
[Round "9.13"]
[White "Superceanu, Andi"]
[Black "Khodjimatov, Sherzod"]
[Result "0-1"]
[WhiteElo "2095"]
[BlackElo "2304"]
[PlyCount "72"]
[EventDate "2023.07.22"]
[EventType "swiss"]
[EventRounds "10"]
[EventCountry "CAN"]

1. e4 e5 2. Nf3 Nc6 3. Bb5 a6 4. Ba4 Nge7 5. O-O Ng6 6. c3 d6 7. d4 Bd7 8. d5
Nb8 9. c4 Be7 10. Nc3 O-O 11. Bxd7 Qxd7 12. Be3 f5 13. exf5 Qxf5 14. Nd2 Nd7
15. Nce4 Nh4 16. f3 g5 17. g3 Ng6 18. g4 Qf7 19. Nxg5 Bxg5 20. Bxg5 Qg7 21. Qe1
e4 22. Qe3 Rf7 23. fxe4 Qxb2 24. Rxf7 Qxa1+ 25. Rf1 Qb2 26. Bh6 Nde5 27. g5 Re8
28. Qf2 Qb6 29. Qxb6 cxb6 30. Rb1 Nd7 31. Kf2 Nge5 32. Ke3 Rc8 33. Kd4 Rc5 34.
Rb2 Ra5 35. Ke3 Ra3+ 36. Kf4 Nd3+ 0-1